000 00647nam a2200229Ia 4500
003 OSt
005 20220928135812.0
006 a|||||r|||| 00| 0
007 ta
008 220927b |||||||| |||| 00| 0 eng d
024 _a4851
037 _cTextual
040 _aSDCL
_cSDCL
_beng
041 _2eng
_aeng
082 _aX:57.1'N8, M2
100 _aAl-Shaikhly Salah Ed.
_9492815
245 0 _aInternational financial cooperation
_b A framework for change
260 _c1982
700 _a Sengupta Arjun
_9413097
942 _hX:57.1'N8, M2
_cTEXL
_2CC
999 _c808483
_d808483